| 000 | 01337nam a22003017a 4500 | ||
|---|---|---|---|
| 003 | AR-RoUNCS | ||
| 005 | 20260309122402.0 | ||
| 007 | ta | ||
| 008 | 161227s2005 ag a cr 001 f spa | ||
| 015 | _aAR-2005 | ||
| 020 | _a978-04-0058-2 | ||
| 040 |
_aAR-BaBN _bspa _cAR-RoUNCS _eaacr |
||
| 044 |
_aag _car-c |
||
| 080 | 1 |
_a82-312.4(82) _22016 |
|
| 100 | 1 |
_aBrandán Aráoz, María, _d1949- _eautora _4aut |
|
| 245 | 1 | 0 |
_aVecinos y detectives en Belgrano / _cMaría Brandán Aráoz ; ilustraciones de Shula Goldman. |
| 250 | _a2a ed. | ||
| 260 |
_aBuenos Aires : _bAlfaguara, _c2005. |
||
| 300 |
_a164 p. : _bil. ; _c20 cm. |
||
| 490 | 0 | _aAlfaguara Juvenil. Azul | |
| 520 | 3 |
_a«Vecinos y detectives en Belgrano cuenta la primera aventura de Mauro, Diego, Adela y Fernando, los protagonistas de Detectives en Palermo viejo, cuando se conocieron. Más chicos pero con el mismo espíritu detectivesco, descubren algo extraño en una carnicería de su barrio. Cuando comienzan a unir datos se encuentran frente a un caso de robo y realizan una arriesgada investigación». _c(Descripción del editor). |
|
| 521 | 1 | _aEdad sugerida desde los 12 años. | |
| 650 | 7 |
_2embne _aLiteratura argentina |
|
| 655 | 4 | _aNovelas juveniles | |
| 655 | 4 | _aNovelas policiacas | |
| 700 | 1 |
_aGoldman, Shula, _d1947- _eilustradora _4ill |
|
| 942 |
_2udc _cOG _n0 |
||
| 999 |
_c955 _d955 |
||